| 000 | 00499nam a2200205Ia 4500 | ||
|---|---|---|---|
| 005 | 20251020182533.0 | ||
| 008 | 200515s9999 xx 000 0 und d | ||
| 082 | _a72.011/P66/3C | ||
| 100 | _aPLAZOLA CISNEROS, Alfredo | ||
| 245 | 0 | _aEnciclopedia de Arquitectura Plazola | |
| 260 | _aMéxico, D.F. | ||
| 260 | _c1996 | ||
| 500 | _a1 ejemplar | ||
| 650 | _aCEMENTERIOS | ||
| 650 | _aCENTROS COMERCIALES | ||
| 650 | _aCENTROS CULTURALES | ||
| 650 | _aCINES | ||
| 650 | _aLIB | ||
| 942 | _cLIB | ||
| 999 |
_c2151 _d2151 |
||